[Event "Hamburg-ch MB"]
[Site "Hamburg"]
[Date "2017.06.10"]
[Round "8"]
[White "Biermann, Helge"]
[Black "Ristic, Sreten"]
[Result "0-1"]
[WhiteElo "1807"]
[BlackElo "1914"]
[PlyCount "169"]
[EventDate "2017.06.03"]
[EventType "swiss"]
[EventRounds "9"]
[EventCountry "GER"]
[SourceTitle "CBM 179 Extra"]
[Source "ChessBase"]
[SourceDate "2017.08.23"]
[SourceVersion "1"]
[SourceVersionDate "2017.08.23"]
[SourceQuality "1"]

1. d4 d5 2. Bf4 e6 3. Nf3 Be7 4. e3 Nd7 5. Nbd2 a6 6. c4 h5 7. h4 dxc4 8. Bxc4 b5 9. Bd3 Bb7 10. Be4 Bxe4 11. Nxe4 Ngf6 12. Nxf6+ gxf6 13. e4 c5 14. d5 e5 15. Be3 Bd6 16. Ng1 Qa5+ 17. Bd2 Qb6 18. Be3 Qb7 19. Ne2 f5 20. exf5 Nf6 21. Ng3 e4 22. 0-0 0-0-0 23. Bg5 Be5 24. Qc2 Qxd5 25. Rad1 Qc6 26. Bxf6 Bxf6 27. Nxe4 Bd4 28. Ng5 Rd7 29. Nf3 Rg8 30. Kh1 Rg4 31. Kh2 f6 32. Kh3 Kb7 33. Qe2 Re4 34. Qd3 Rg7 35. g3 Qd5 36. Nxd4 cxd4 37. f3 Qxf5+ 38. Kg2 Rf4 39. Qxf5 Rxf5 40. Rxd4 Rc5 41. Rf2 f5 42. Rfd2 Kb6 43. Kh3 Re7 44. Rd6+ Rc6 45. R2d5 Rf7 46. Rxc6+ Kxc6 47. Rd8 f4 48. g4 hxg4+ 49. Kxg4 a5 50. Rd4 Rg7+ 51. Kxf4 Rg2 52. h5 Rxb2 53. Kg3 Rxa2 54. h6 Kc5 55. Rd8 Ra1 56. Kg2 Ra2+ 57. Kh3 Ra1 58. Rc8+ Kb4 59. Rc2 Kb3 60. Rh2 Rc1 61. h7 Rc8 62. Kg4 Rh8 63. Kg5 a4 64. Kg6 a3 65. Rh5 b4 66. Kg7 Ra8 67. h8Q Rxh8 68. Rxh8 a2 69. Rh1 Ka3 70. f4 b3 71. f5 b2 72. f6 a1Q 73. Rh3+ Ka4 74. Rh8 b1Q 75. Ra8+ Kb5 76. Rb8+ Kc6 77. Rxb1 Qxb1 78. f7 Qg1+ 79. Kh7 Qc5 80. Kg7 Qg5+ 81. Kh7 Qf6 82. Kg8 Qg6+ 83. Kf8 Kd6 84. Ke8 Qe6+ 85. Kf8 0-1

[Event "Hamburg-ch MB"]
[Site "Hamburg"]
[Date "2017.06.04"]
[Round "2"]
[White "Biermann, Helge"]
[Black "Tscherepanov, Leon"]
[Result "1/2-1/2"]
[WhiteElo "1807"]
[BlackElo "1776"]
[PlyCount "82"]
[EventDate "2017.06.03"]
[EventType "swiss"]
[EventRounds "9"]
[EventCountry "GER"]
[SourceTitle "CBM 179 Extra"]
[Source "ChessBase"]
[SourceDate "2017.08.23"]
[SourceVersion "1"]
[SourceVersionDate "2017.08.23"]
[SourceQuality "1"]

1. d4 e6 2. Bf4 d5 3. Nf3 c5 4. e3 Qb6 5. b3 Nc6 6. Be2 Nf6 7. h3 Ne4 8. 0-0 Be7 9. a3 a5 10. Qd3 0-0 11. Nc3 Nxc3 12. Qxc3 Bf6 13. Rad1 cxd4 14. exd4 Bd7 15. Qe3 Rfc8 16. c4 Ne7 17. Ne5 Bxe5 18. Bxe5 dxc4 19. bxc4 Qd8 20. g4 Bc6 21. Bg3 Ng6 22. f4 Qd7 23. h4 Re8 24. h5 Nf8 25. Bh4 b5 26. cxb5 Bxb5 27. Bxb5 Qxb5 28. Rb1 Qd5 29. a4 Rab8 30. Qe5 Rxb1 31. Rxb1 Qa2 32. Qb5 Rc8 33. Rb2 Rc1+ 34. Kg2 Qa1 35. Kf3 Rc3+ 36. Kg2 Qd1 37. Re2 Rc1 38. Bf2 Qh1+ 39. Kg3 Rc3+ 40. Re3 Rxe3+ 41. Bxe3 Qe1+ 1/2-1/2

[Event "Hamburg-ch MB"]
[Site "Hamburg"]
[Date "2015.05.30"]
[Round "8"]
[White "Biermann, Helge"]
[Black "Opasiak, Dustin Tennessee"]
[Result "0-1"]
[WhiteElo "1790"]
[BlackElo "1735"]
[PlyCount "102"]
[EventDate "2015.05.23"]
[EventType "swiss"]
[EventRounds "9"]
[EventCountry "GER"]
[SourceTitle "EXT 2022"]
[Source "ChessBase"]
[SourceDate "2021.10.06"]
[SourceVersion "1"]
[SourceVersionDate "2021.10.06"]
[SourceQuality "1"]

1. e4 e6 2. d4 d5 3. e5 Bd7 4. Nf3 c5 5. Be2 cxd4 6. Nxd4 Nc6 7. Nxc6 bxc6 8. 0-0 Ne7 9. Nd2 Qb6 10. Kh1 c5 11. c4 d4 12. Bd3 Nc6 13. f4 Be7 14. Ne4 h6 15. Qg4 Kf8 16. Qe2 Nd8 17. g4 Bc6 18. Kg1 Bxe4 19. Bxe4 Rb8 20. b3 Qc7 21. Qf3 Rb6 22. Bd2 Ra6 23. Be1 g5 24. Bg3 gxf4 25. Bxf4 Bh4 26. Bg6 Kg7 27. Be4 Qe7 28. Bg3 Rg8 29. Kg2 Kh8 30. h3 Bxg3 31. Kxg3 Qg5 32. h4 Qxe5+ 33. Kh3 Rd6 34. Qf6+ Qxf6 35. Rxf6 Kg7 36. g5 hxg5 37. hxg5 Kf8 38. Raf1 Rxg5 39. Bg6 Ke7 40. Bxf7 Rf5 41. R1xf5 exf5 42. Rxd6 Kxd6 43. Bd5 Nc6 44. Bf3 Nb4 45. a4 Ke5 46. Kg3 Nd3 47. Bd1 Ke4 48. a5 Ke3 49. Bc2 f4+ 50. Kg4 Nb4 51. Bd1 Nc6 0-1

[Event "Hamburg-ch MB"]
[Site "Hamburg"]
[Date "2012.06.03"]
[Round "9"]
[White "Biermann, Helge"]
[Black "Schmuck, Martin"]
[Result "1/2-1/2"]
[WhiteElo "1838"]
[BlackElo "1941"]
[PlyCount "39"]
[EventDate "2012.05.26"]
[EventType "swiss"]
[EventRounds "9"]
[EventCountry "GER"]
[SourceTitle "CBM 148 Extra"]
[Source "ChessBase"]
[SourceDate "2012.06.22"]
[SourceVersion "1"]
[SourceVersionDate "2012.06.22"]
[SourceQuality "1"]

1. e4 c5 2. Nc3 d6 3. g3 Nc6 4. Bg2 g6 5. d3 Bg7 6. f4 Nf6 7. Nf3 0-0 8. 0-0 Bg4 9. h3 Bd7 10. Kh2 e5 11. fxe5 dxe5 12. Bg5 Be6 13. Qc1 a6 14. Nh4 Nb8 15. Nd5 Bxd5 16. exd5 Qd6 17. c4 Nbd7 18. Bh6 Nh5 19. Bxg7 Kxg7 20. Qg5 1/2-1/2

[Event "Hamburg-ch MB"]
[Site "Hamburg"]
[Date "2012.06.02"]
[Round "8"]
[White "Mattiat, Kay"]
[Black "Biermann, Helge"]
[Result "1/2-1/2"]
[WhiteElo "1569"]
[BlackElo "1838"]
[PlyCount "72"]
[EventDate "2012.05.26"]
[EventType "swiss"]
[EventRounds "9"]
[EventCountry "GER"]
[SourceTitle "CBM 148 Extra"]
[Source "ChessBase"]
[SourceDate "2012.06.22"]
[SourceVersion "1"]
[SourceVersionDate "2012.06.22"]
[SourceQuality "1"]

1. e4 e6 2. Nf3 d5 3. exd5 exd5 4. d4 Bd6 5. Nc3 Nf6 6. Bg5 Be6 7. Bd3 0-0 8. 0-0 c6 9. Re1 Nbd7 10. Qd2 Qc7 11. Re2 Bg4 12. Re3 h6 13. Bxf6 Nxf6 14. g3 Rfe8 15. Rae1 Kf8 16. Nh4 Qd7 17. f3 Rxe3 18. Rxe3 Be6 19. Ne2 c5 20. c3 c4 21. Bc2 b5 22. g4 a5 23. h3 Qc7 24. Bf5 Bd7 25. Bxd7 Nxd7 26. Nf5 b4 27. Nxd6 Qxd6 28. Qc2 g6 29. h4 Kg7 30. Kg2 Nf6 31. Ng3 Qc6 32. h5 Re8 33. Qe2 Rxe3 34. Qxe3 Qe6 35. Qd2 Qd6 36. Qe3 Qe6 1/2-1/2

[Event "Hamburg-ch MB"]
[Site "Hamburg"]
[Date "2012.06.01"]
[Round "7"]
[White "Opasiak, Dustin Tennessee"]
[Black "Biermann, Helge"]
[Result "1/2-1/2"]
[WhiteElo "1719"]
[BlackElo "1838"]
[PlyCount "38"]
[EventDate "2012.05.26"]
[EventType "swiss"]
[EventRounds "9"]
[EventCountry "GER"]
[SourceTitle "CBM 148 Extra"]
[Source "ChessBase"]
[SourceDate "2012.06.22"]
[SourceVersion "1"]
[SourceVersionDate "2012.06.22"]
[SourceQuality "1"]

1. e4 e6 2. Qe2 c5 3. g3 Nc6 4. Nf3 Nge7 5. Bg2 g6 6. 0-0 Bg7 7. c3 0-0 8. d3 d5 9. Nbd2 Qc7 10. h3 b6 11. c4 d4 12. Nh2 f5 13. f4 e5 14. exf5 Bxf5 15. Ne4 Rae8 16. Ng4 exf4 17. Bxf4 Qd7 18. Nd6 Bxg4 19. hxg4 Rxf4 1/2-1/2

[Event "Hamburg-ch MB"]
[Site "Hamburg"]
[Date "2011.10.08"]
[Round "8.8"]
[White "Krueger, David"]
[Black "Biermann, Helge"]
[Result "0-1"]
[WhiteElo "1750"]
[BlackElo "1825"]
[PlyCount "110"]
[EventDate "2011.10.09"]
[EventType "swiss"]
[EventRounds "9"]
[EventCountry "GER"]
[SourceTitle "EXT 2012"]
[Source "ChessBase"]
[SourceDate "2011.11.24"]
[SourceVersion "1"]
[SourceVersionDate "2011.11.24"]
[SourceQuality "1"]

1. d4 Nf6 2. c4 g6 3. g3 Bg7 4. Bg2 0-0 5. Nf3 d6 6. 0-0 Nc6 7. Nc3 a6 8. e4 e5 9. d5 Ne7 10. b3 Rb8 11. a4 Ne8 12. Nd2 f5 13. f3 f4 14. Ne2 g5 15. Bb2 Ng6 16. Re1 h5 17. Rc1 b6 18. b4 Bd7 19. Ba3 g4 20. c5 b5 21. cxd6 cxd6 22. a5 Qg5 23. Rc3 Rc8 24. Qc1 Nf6 25. Qb2 Rxc3 26. Qxc3 Rc8 27. Qd3 h4 28. Bc1 Kf7 29. Nf1 Nh5 30. Bd2 gxf3 31. Bxf3 hxg3 32. hxg3 Bg4 33. Bg2 Qf6 34. gxf4 exf4 35. Nh2 Bxe2 36. Rxe2 Qd4+ 37. Qxd4 Bxd4+ 38. Kf1 Ng3+ 39. Ke1 Nxe2 40. Kxe2 Rc2 41. Nf3 Bf6 42. Kd3 Rc4 43. Bh3 Ke8 44. Bg4 Ne5+ 45. Nxe5 dxe5 46. Bc3 Ke7 47. Bh5 Bg7 48. Be1 Rd4+ 49. Kc3 Rxe4 50. Bf2 Rc4+ 51. Kb3 Kd6 52. Bf7 Rc7 53. Be6 e4 54. Bh4 Rc3+ 55. Ka2 e3 0-1

[Event "Pinneberg-ch"]
[Site "Pinneberg"]
[Date "2009.10.08"]
[Round "7"]
[White "Biermann, Helge"]
[Black "Sengbusch, Gerhard"]
[Result "1-0"]
[WhiteElo "1754"]
[BlackElo "1364"]
[PlyCount "53"]
[EventDate "2009.08.27"]
[EventType "swiss"]
[EventRounds "7"]
[EventCountry "GER"]
[SourceTitle "EXT 2012"]
[Source "ChessBase"]
[SourceDate "2011.11.24"]
[SourceVersion "1"]
[SourceVersionDate "2011.11.24"]
[SourceQuality "1"]

1. f4 d5 2. Nf3 Nc6 3. d4 Nf6 4. e3 Bf5 5. Be2 e6 6. 0-0 Bd6 7. a3 0-0 8. Ne5 Bxe5 9. fxe5 Ne4 10. Nd2 Nxd2 11. Bxd2 a6 12. c4 Be4 13. b4 Ne7 14. c5 Ng6 15. Bf3 Bxf3 16. Rxf3 f6 17. exf6 Rxf6 18. Rg3 Qe7 19. e4 Nf4 20. e5 Rf5 21. Be3 Raf8 22. h3 Rg5 23. Rg4 Rff5 24. Rxf4 Rxg2+ 25. Kxg2 Qg5+ 26. Qg4 Qxg4+ 27. hxg4 1-0

[Event "Pinneberg-ch"]
[Site "Pinneberg"]
[Date "2006.09.01"]
[Round "3.25"]
[White "Biermann, Helge"]
[Black "Zimmermann, Manfred"]
[Result "1-0"]
[WhiteElo "1808"]
[BlackElo "1651"]
[PlyCount "21"]
[EventDate "2006.08.22"]
[EventType "swiss"]
[EventRounds "7"]
[EventCountry "GER"]
[SourceTitle "EXT 2007"]
[Source "ChessBase"]
[SourceDate "2006.11.23"]
[SourceVersion "1"]
[SourceVersionDate "2006.11.23"]
[SourceQuality "1"]

1. c4 e5 2. Nc3 Bb4 3. g3 Bxc3 4. bxc3 d6 5. Bg2 Nc6 6. d4 Bd7 7. f4 exd4 8. cxd4 b6 9. Nh3 Nge7 10. 0-0 f5 11. Bb2 1-0

[Event "Pinneberg-ch"]
[Site "Pinneberg"]
[Date "2006.08.25"]
[Round "2.13"]
[White "Atri, Jamshid"]
[Black "Biermann, Helge"]
[Result "1-0"]
[WhiteElo "2109"]
[BlackElo "1808"]
[PlyCount "81"]
[EventDate "2006.08.22"]
[EventType "swiss"]
[EventRounds "7"]
[EventCountry "GER"]
[SourceTitle "EXT 2007"]
[Source "ChessBase"]
[SourceDate "2006.11.23"]
[SourceVersion "1"]
[SourceVersionDate "2006.11.23"]
[SourceQuality "1"]

1. e4 e6 2. d4 d5 3. Nc3 Bb4 4. e5 Ne7 5. Qg4 Nf5 6. Bd3 h5 7. Qf4 c5 8. a3 Bxc3+ 9. bxc3 Qc7 10. Bd2 b6 11. Nf3 Nc6 12. 0-0 c4 13. Bxf5 exf5 14. Qg5 Rh7 15. Nh4 Ne7 16. a4 Be6 17. Bc1 Qd7 18. Ba3 Nc6 19. g3 Qd8 20. Bc1 Qxg5 21. Bxg5 Rh8 22. Rfe1 Kd7 23. Re3 a6 24. Rf3 g6 25. Re3 b5 26. Ree1 Rhb8 27. axb5 axb5 28. Bd2 Ra5 29. Rxa5 Nxa5 30. Ra1 Ra8 31. Nf3 Kc6 32. Ng5 Kb6 33. h4 Ra6 34. Kg2 Nc6 35. Rxa6+ Kxa6 36. Nxe6 fxe6 37. Kf3 b4 38. Kf4 b3 39. Bc1 Na7 40. cxb3 cxb3 41. Kg5 1-0

[Event "Pinneberg-ch"]
[Site "Pinneberg"]
[Date "2005.09.22"]
[Round "7"]
[White "Biermann, Helge"]
[Black "Schmoll, Peter"]
[Result "1-0"]
[WhiteElo "1762"]
[BlackElo "1495"]
[PlyCount "65"]
[EventDate "2005.08.11"]
[EventType "swiss"]
[EventRounds "7"]
[EventCountry "GER"]
[SourceTitle "EXT 2006"]
[Source "ChessBase"]
[SourceDate "2005.11.24"]
[SourceVersion "1"]
[SourceVersionDate "2005.11.24"]
[SourceQuality "1"]

1. c4 e5 2. Nc3 Nf6 3. g3 Bb4 4. Bg2 Nc6 5. e3 0-0 6. Nge2 d6 7. 0-0 Bg4 8. h3 Bh5 9. Qb3 Rb8 10. g4 Bg6 11. d4 Bxc3 12. Qxc3 Re8 13. d5 Ne7 14. Ng3 h6 15. f4 exf4 16. exf4 b5 17. b3 Nc8 18. Bb2 b4 19. Qd4 c5 20. dxc6 Qb6 21. Rfe1 Qxd4+ 22. Bxd4 Nb6 23. Bxf6 gxf6 24. f5 Bh7 25. Nh5 Re5 26. Rad1 Kh8 27. Nxf6 Kg7 28. Nh5+ Kh8 29. Rxe5 dxe5 30. c7 Rf8 31. Rd8 Kg8 32. Nf6+ Kg7 33. Nxh7 1-0

[Event "Pinneberg-ch"]
[Site "Pinneberg"]
[Date "2005.08.11"]
[Round "1"]
[White "Stoephasius, Christian"]
[Black "Biermann, Helge"]
[Result "0-1"]
[WhiteElo "1099"]
[BlackElo "1762"]
[PlyCount "94"]
[EventDate "2005.08.11"]
[EventType "swiss"]
[EventRounds "7"]
[EventCountry "GER"]
[SourceTitle "EXT 2006"]
[Source "ChessBase"]
[SourceDate "2005.11.24"]
[SourceVersion "1"]
[SourceVersionDate "2005.11.24"]
[SourceQuality "1"]

1. e4 e5 2. Nf3 Nf6 3. Nc3 Nc6 4. Bc4 Bc5 5. d3 0-0 6. 0-0 h6 7. Be3 Qe7 8. a3 a5 9. Nd5 Nxd5 10. Bxd5 Nd4 11. c3 Nxf3+ 12. Qxf3 c6 13. b4 Bxe3 14. Bxf7+ Rxf7 15. Qxe3 axb4 16. axb4 Rxa1 17. Rxa1 d6 18. Ra8 Qd7 19. Qh3 Rf8 20. Qh5 Qf7 21. Qh4 Qf6 22. Qxf6 gxf6 23. h3 f5 24. exf5 Bxf5 25. Ra7 Rb8 26. d4 Bd3 27. dxe5 dxe5 28. f3 Ba6 29. Kf2 Kf7 30. Ke3 Ke6 31. Ke4 h5 32. g3 Kf6 33. h4 Ke6 34. f4 exf4 35. gxf4 Kf6 36. f5 Rg8 37. Kd4 Kxf5 38. Kc5 Rg4 39. Ra8 Rc4+ 40. Kb6 Rxc3 41. Rf8+ Kg4 42. Rf7 Kxh4 43. Rf5 Kg4 44. Re5 h4 45. Re1 h3 46. Rg1+ Kf3 47. Rh1 Kg2 0-1

[Event "Hamburg League qual"]
[Site "Hamburg"]
[Date "2004.10.23"]
[Round "5"]
[White "Schulz, Hans Juergen"]
[Black "Biermann, Helge"]
[Result "1/2-1/2"]
[WhiteElo "2074"]
[BlackElo "1745"]
[PlyCount "89"]
[EventDate "2004.10.09"]
[EventType "swiss"]
[EventRounds "7"]
[EventCountry "GER"]
[SourceTitle "EXT 2006"]
[Source "ChessBase"]
[SourceDate "2005.11.24"]
[SourceVersion "1"]
[SourceVersionDate "2005.11.24"]
[SourceQuality "1"]

1. e4 e6 2. Nf3 d5 3. e5 c5 4. b4 cxb4 5. a3 Nc6 6. axb4 Bxb4 7. c3 Be7 8. d4 Bd7 9. Bd3 Na5 10. Na3 a6 11. 0-0 b5 12. h3 Qb6 13. Rb1 Rc8 14. Bb2 Nc4 15. Nxc4 dxc4 16. Bc2 Bc6 17. Nd2 f5 18. exf6 Nxf6 19. Re1 Bd5 20. g4 g6 21. Qe2 0-0 22. Bc1 Nd7 23. Be4 Bg5 24. Bxd5 exd5 25. Nxc4 Rxc4 26. Bxg5 Kg7 27. Qe7+ Rf7 28. Bh6+ Kg8 29. Qe8+ Nf8 30. Re3 Qf6 31. f4 b4 32. Bg5 Qg7 33. cxb4 Qxd4 34. Rbe1 Rxb4 35. Kg2 Rb2+ 36. Kf3 Qg7 37. Kg3 Qd4 38. Kh4 Rf2 39. Re7 Qg7 40. Kg3 Rc2 41. Bh6 Rc3+ 42. Kg2 Rc2+ 43. Kg3 Rc3+ 44. Kh2 Rc2+ 45. Kg3 1/2-1/2

[Event "Hamburg League qual"]
[Site "Hamburg"]
[Date "2004.10.16"]
[Round "3"]
[White "Sechting, Martin"]
[Black "Biermann, Helge"]
[Result "1-0"]
[WhiteElo "2108"]
[BlackElo "1745"]
[PlyCount "47"]
[EventDate "2004.10.09"]
[EventType "swiss"]
[EventRounds "7"]
[EventCountry "GER"]
[SourceTitle "EXT 2006"]
[Source "ChessBase"]
[SourceDate "2005.11.24"]
[SourceVersion "1"]
[SourceVersionDate "2005.11.24"]
[SourceQuality "1"]

1. d4 Nf6 2. c4 e5 3. dxe5 Ng4 4. e4 Nxe5 5. f4 Nec6 6. Be3 Bb4+ 7. Nd2 Qe7 8. Qc2 f5 9. 0-0-0 Bxd2+ 10. Bxd2 fxe4 11. Re1 0-0 12. Rxe4 Qc5 13. Bd3 d6 14. b4 Nxb4 15. Bxb4 Qxb4 16. Re3 h6 17. Bh7+ Kh8 18. Nf3 Nc6 19. Nh4 Rd8 20. a3 Qc5 21. Rhe1 Bd7 22. Be4 Be8 23. Bd5 Nd4 24. Rxe8+ 1-0

[Event "Pinneberg-ch"]
[Site "Pinneberg"]
[Date "2004.09.23"]
[Round "7"]
[White "Lorenz, Jens"]
[Black "Biermann, Helge"]
[Result "1/2-1/2"]
[WhiteElo "1804"]
[BlackElo "1726"]
[PlyCount "34"]
[EventDate "2004.08.12"]
[EventType "swiss"]
[EventRounds "7"]
[EventCountry "GER"]
[SourceTitle "EXT 2005"]
[Source "ChessBase"]
[SourceDate "2004.11.15"]
[SourceVersion "1"]
[SourceVersionDate "2004.11.15"]
[SourceQuality "1"]

1. d4 Nf6 2. c4 g6 3. Nc3 Bg7 4. e4 d6 5. Be2 0-0 6. Be3 Nbd7 7. g4 e5 8. d5 Nc5 9. Bf3 a5 10. h4 Bd7 11. h5 Qc8 12. h6 Bh8 13. Rh4 Ne8 14. Nge2 Bf6 15. g5 Be7 16. Ng3 f6 17. Bxc5 fxg5 1/2-1/2

[Event "Pinneberg-ch"]
[Site "Pinneberg"]
[Date "2004.08.26"]
[Round "3"]
[White "Atri, Jamshid"]
[Black "Biermann, Helge"]
[Result "1-0"]
[WhiteElo "2145"]
[BlackElo "1726"]
[PlyCount "61"]
[EventDate "2004.08.12"]
[EventType "swiss"]
[EventRounds "7"]
[EventCountry "GER"]
[SourceTitle "EXT 2005"]
[Source "ChessBase"]
[SourceDate "2004.11.15"]
[SourceVersion "1"]
[SourceVersionDate "2004.11.15"]
[SourceQuality "1"]

1. e4 e6 2. d4 d5 3. Nc3 Nf6 4. e5 Nfd7 5. f4 c5 6. Nf3 Nc6 7. Be3 Qb6 8. Na4 Qa5+ 9. c3 c4 10. b4 Qc7 11. Be2 b5 12. Nc5 a5 13. a3 Be7 14. 0-0 Nxc5 15. dxc5 f6 16. exf6 Bxf6 17. Nd4 Rb8 18. Bg4 e5 19. Nxc6 Qxc6 20. fxe5 Bxe5 21. Bd4 Bf6 22. Qe2+ Kd8 23. Bxf6+ gxf6 24. Bxc8 Rxc8 25. Rad1 Re8 26. Qf3 Re6 27. Rxd5+ Ke7 28. Rfd1 Rc7 29. Qf5 Kf8 30. Rd6 Qe4 31. Qxe6 1-0